| 000 | 00650nam a2200229 4500 | ||
|---|---|---|---|
| 003 | OSt | ||
| 005 | 20260601193844.0 | ||
| 008 | 260508b |||||||| |||| 00| 0 eng d | ||
| 040 |
_aICI _beng _cICI |
||
| 041 | _aeng | ||
| 050 | 4 |
_aNA 680 _bB25 |
|
| 100 | 1 |
_aBanham, Reyner _931101 |
|
| 245 | 1 | _aTheory and design in the first machine age / | |
| 260 |
_aNew York : _bFrederick A. Praeger, _cc1960 |
||
| 264 |
_bThe Architectural Press, London _c1972 |
||
| 300 |
_a338 páginas _c22 cm |
||
| 336 |
_atexto _2rdacontent |
||
| 337 |
_asin medio _2rdamedia |
||
| 338 |
_avolumen _2rdacarrier |
||
| 650 |
_aArquitectura moderna _914272 |
||
| 942 |
_2lcc _cB |
||
| 999 |
_c21542 _d21542 |
||